| 000 | 00453nam a2200205Ia 4500 | ||
|---|---|---|---|
| 001 | 13000 | ||
| 003 | GE_BSU | ||
| 008 | 181216s||||||||xx |||||||||||||| ||und|| | ||
| 020 | _a9780141015446 | ||
| 040 | _cGE_BSU | ||
| 080 | _a821.111-3 | ||
| 100 | _aParks,Adele. | ||
| 245 | _aStill thinking of you. | ||
| 260 | _aLondon. | ||
| 260 | _bPenguin Books. | ||
| 260 | _c2004 | ||
| 300 | _a566p;17cm. | ||
| 653 | _aStill thinking of you. | ||
| 942 | _cBK | ||
| 999 |
_c46168 _d46168 |
||